000
00345nam a2200157Ia 4500
003
0STCL
008
150530s9999 xx 000 0 und d
040
_a
STCL
_c
STCL
100
_a
Mcclintock Michael
245
_a
Cryogenics
260
_b
Reinhold
_c
1966
546
_a
English
942
_2
ddc
_c
BK
999
_c
29611
_d
29611
005
20220125170152.0